UBT Library

THE WORKPLACE AND CARDIOVASCULAR DISEASE (Record no. 59487)

000 -LEADER
fixed length control field 00339nam a22001457a 4500
008 - FIXED-LENGTH DATA ELEMENTS--GENERAL INFORMATION
fixed length control field 230403b ||||| |||| 00| 0 eng d
020 ## - INTERNATIONAL STANDARD BOOK NUMBER
International Standard Book Number 1560533250
041 ## - LANGUAGE CODE
Language code of text/sound track or separate title eng
080 ## - UNIVERSAL DECIMAL CLASSIFICATION NUMBER
Edition identifier VOLUME 15
Universal Decimal Classification number 61
082 ## - DEWEY DECIMAL CLASSIFICATION NUMBER
Classification number 61HAN
100 ## - Rafti
Rafti 2
101 ## - Shkurtesa
Shkurtesa MJEKSI
245 ## - TITLE STATEMENT
Title THE WORKPLACE AND CARDIOVASCULAR DISEASE
Statement of responsibility, etc HANLEY.B
942 ## - ADDED ENTRY ELEMENTS (KOHA)
Source of classification or shelving scheme
Item type Books
Holdings
Withdrawn status Lost status Source of classification or shelving scheme Damaged status Not for loan Collection code Permanent location Current location Date acquired Total Checkouts Full call number Barcode Date last seen Price effective from Koha item type
          Koleksioni i përgjithshem UBT - Lipjan UBT - Lipjan 04/03/2023   61HAN 002-80004033 04/03/2023 04/03/2023 Books
          Koleksioni i përgjithshem UBT - Lipjan UBT - Lipjan 04/03/2023   61HAN 002-80004034 04/03/2023 04/03/2023 Books
          Koleksioni i përgjithshem UBT - Lipjan UBT - Lipjan 04/03/2023   61HAN 002-80004035 04/03/2023 04/03/2023 Books
          Koleksioni i përgjithshem UBT - Lipjan UBT - Lipjan 04/03/2023   61HAN 002-80004036 04/03/2023 04/03/2023 Books
          Koleksioni i përgjithshem UBT - Lipjan UBT - Lipjan 04/03/2023   61HAN 002-80004037 04/03/2023 04/03/2023 Books
UBT Library © 2015-2024. All rights reserved University Education for Business and Technology